[Event "Mechanics' Fall TNM; G/2 d5"]
[Site "San Francisco"]
[Date "2017.12.12"]
[Round "8.25"]
[White "Touset, Stephen Ka"]
[Black "Sherwood, Peter"]
[Result "1/2-1/2"]
[WhiteElo "1566"]
[BlackElo "1678"]
[Annotator "Donaldson"]
[PlyCount "48"]
[EventDate "2017.??.??"]

1. d4 d5 2. Bf4 Nf6 3. e3 c5 4. Nd2 e6 5. c3 Nc6 6. Bd3 Qb6 (6... Bd6 7. Bg3
O-O 8. Ngf3 b6 9. Ne5 Bb7 10. f4 Ne7 $1 11. Qf3 Nf5 $1 12. Bf2 Be7 $1 13. g4
Nd6 14. g5 Nfe4 {
Karjakin-Adams, Wijk aan Zee 2016, is an effective anti-London system.}) 7. Rb1
{This eliminates the possibility of White castling queenside.} cxd4 {
This pawn trade helps White as it opens the e-file.} (7... Be7) 8. exd4 Be7 9.
Ngf3 O-O 10. Ne5 (10. O-O {is more flexible.}) 10... Qd8 (10... Nxe5 11. dxe5
Nd7 12. O-O $14) 11. h4 $5 (11. O-O) 11... h5 $6 {Weakening the kingside.} (
11... Nxe5 12. dxe5 Nd7 13. Nf3 $11) 12. Ndf3 Nxe5 13. dxe5 (13. Nxe5 $1) 13...
Ng4 14. Ng5 Qb6 15. Qe2 Bc5 16. O-O Bd7 17. b4 Be7 18. Be3 Qc7 19. Nf3 $6 (19.
Bd4) 19... Nxe5 20. Bf4 Nxf3+ 21. Qxf3 Bd6 (21... e5 22. Qxh5 f5 {
is comfortable for Black.}) 22. Qxh5 (22. Bxd6 Qxd6 23. Qxh5 f5 $11) 22... g6
23. Bxg6 fxg6 24. Qxg6+ Kh8 1/2-1/2

[Event "Mechanics' Summer TNM; G/2 d5"]
[Site "San Francisco"]
[Date "2017.06.20"]
[Round "5.26"]
[White "Touset, Stephen Ka"]
[Black "Tamadong, Cesar"]
[Result "1-0"]
[WhiteElo "1513"]
[BlackElo "1600"]
[PlyCount "53"]
[EventDate "2017.??.??"]

1. d4 Nf6 2. Bf4 g6 3. e3 Bg7 4. Nd2 O-O 5. Ngf3 d6 6. c3 Nbd7 7. Bd3 c5 8. h4
Nh5 9. Bg5 f6 10. g4 Ng3 11. Qb3+ Kh8 12. fxg3 fxg5 13. Nxg5 Nf6 14. h5 Bxg4
15. hxg6 h5 16. Nf7+ Rxf7 17. gxf7 cxd4 18. exd4 d5 19. Nf1 Qd6 20. Kd2 e5 21.
Ne3 Bh6 22. Bg6 exd4 23. Qxb7 dxe3+ 24. Kc2 Rc8 {[#]} 25. Rxh5 Nxh5 26. f8=Q+
Rxf8 27. Qh7# 1-0

[Event "Mechanics' Peter Grey TNM; G/2 d5"]
[Site "San Francisco"]
[Date "2017.08.08"]
[Round "1.10"]
[White "Tracy, Joseph"]
[Black "Greene, Sam"]
[Result "1-0"]
[WhiteElo "2106"]
[BlackElo "1507"]
[PlyCount "57"]
[EventDate "2017.??.??"]

1. d4 Nf6 2. Nf3 e6 3. c4 d5 4. Nc3 c6 5. Bg5 Be7 6. e3 O-O 7. Qc2 Nbd7 8. Bd3
b6 9. O-O Bb7 10. e4 h6 11. Bh4 Rc8 12. cxd5 cxd5 13. e5 Nh5 14. Bxe7 Qxe7 15.
Qd2 g5 16. Rfe1 g4 17. Qxh6 f5 18. Qxh5 gxf3 19. Re3 Rf7 20. Rxf3 Rh7 21. Rg3+
Kh8 22. Qg5 Qf7 23. Re1 Rg8 24. Qxg8+ Qxg8 25. Rxg8+ Kxg8 26. f4 Rg7 27. Kf2
Nb8 28. Ne2 Nc6 29. a3 1-0

[Event "Mechanics' Peter Grey TNM; G/2 d5"]
[Site "San Francisco"]
[Date "2017.08.22"]
[Round "3.11"]
[White "Tracy, Joseph"]
[Black "Harris, Clarence"]
[Result "1-0"]
[WhiteElo "2106"]
[BlackElo "1422"]
[PlyCount "59"]
[EventDate "2017.??.??"]

1. Nf3 d5 2. g3 Nf6 3. Bg2 g6 4. O-O Bg7 5. c4 O-O 6. d4 e6 7. Nbd2 Nc6 8. b3
Bd7 9. Bb2 Re8 10. Rc1 Bh6 11. e3 Nb4 12. Qe2 Nxa2 13. Ra1 Nb4 14. Ne5 Bc8 15.
Rfc1 b6 16. f4 Bb7 17. Ba3 Bf8 18. g4 Nd7 19. Ndf3 Nxe5 20. fxe5 c5 21. Bxb4
cxb4 22. g5 a5 23. h4 h5 24. Nd2 Qd7 25. Rf1 Rec8 26. Rf4 a4 27. bxa4 Rxa4 28.
Raf1 Be7 29. Rxf7 Ra2 30. Qd3 1-0

[Event "Mechanics' Peter Grey TNM; G/2 d5"]
[Site "San Francisco"]
[Date "2017.09.12"]
[Round "6.4"]
[White "Tracy, Joseph"]
[Black "Walder, Michael S"]
[Result "1-0"]
[WhiteElo "2106"]
[BlackElo "2147"]
[Annotator "Donaldson"]
[PlyCount "71"]
[EventDate "2017.??.??"]

1. d4 Nf6 2. Nf3 e6 3. c4 c5 4. Nc3 cxd4 5. Nxd4 Bb4 6. Ndb5 O-O 7. a3 Bxc3+ 8.
Nxc3 d5 9. cxd5 exd5 10. e3 Nc6 11. Be2 Re8 12. O-O Bf5 13. Qa4 Qb6 (13... d4)
14. Qb5 Qxb5 15. Nxb5 Rad8 16. Rd1 d4 17. Bf3 Bc2 18. Rd2 d3 19. b4 Ne4 20.
Bxe4 Rxe4 21. Bb2 Ne5 $2 (21... a6 22. Nd4 Ne5) 22. Bxe5 Rxe5 23. Nd4 Rxd4 24.
exd4 Re2 $2 (24... Re4) 25. Rxe2 dxe2 26. f3 Kf8 27. Re1 Bd1 28. Kf2 Ke7 29.
Rxe2+ Bxe2 30. Kxe2 b5 31. Ke3 Ke6 32. Ke4 f5+ 33. Kf4 Kf6 34. h4 g6 35. g4
fxg4 36. fxg4 1-0

[Event "Mechanics' Peter Grey TNM; G/2 d5"]
[Site "San Francisco"]
[Date "2017.10.03"]
[Round "9.4"]
[White "Tracy, Joseph"]
[Black "Yanofsky, Kevin"]
[Result "1/2-1/2"]
[WhiteElo "2106"]
[BlackElo "1771"]
[PlyCount "118"]
[EventDate "2017.??.??"]

1. Nf3 c5 2. g3 g6 3. Bg2 Bg7 4. O-O Nc6 5. c4 d6 6. Nc3 e6 7. b3 Nge7 8. Bb2
O-O 9. e4 Nd4 10. Nxd4 cxd4 11. Ne2 e5 12. d3 Rb8 13. Bc1 b5 14. Bd2 Bg4 15. h3
Be6 16. Kh2 f5 17. Ng1 Qd7 18. cxb5 Rxb5 19. Rc1 Rc8 20. Rxc8+ Qxc8 21. Qb1 h6
22. Rc1 Rc5 23. Ne2 g5 24. Bb4 Rxc1 25. Qxc1 Qxc1 26. Nxc1 Nc8 27. Bf3 Bf8 28.
Kg2 Nb6 29. Ba5 Nd7 30. exf5 Bxf5 31. Bd5+ Kg7 32. g4 Bg6 33. f3 Nc5 34. Bc4 d5
35. Bxd5 Nxd3 36. Nxd3 Bxd3 37. Be4 Ba6 38. h4 gxh4 39. Bc7 Kf6 40. Kh3 Bb4 41.
Bd8+ Ke6 42. Bxh4 d3 43. Bf2 d2 44. Bc2 Be2 45. Bxa7 Bxf3 46. Be3 d1=Q 47. Bxd1
Bxd1 48. Bxh6 Bc2 49. Bc1 e4 50. Kg3 Bc5 51. Kf4 Bd3 52. Bd2 Kd5 53. g5 Ke6 54.
b4 Bd6+ 55. Kg4 Be2+ 56. Kh4 Kf5 57. a4 Bd3 58. b5 Bc4 59. Kh5 Be2+ 1/2-1/2

[Event "Mechanics' Winter TNM; G/2"]
[Site "San Francisco"]
[Date "2017.01.03"]
[Round "1.8"]
[White "Tracy, Joseph J"]
[Black "Brown, Nicholas M"]
[Result "1-0"]
[WhiteElo "2163"]
[BlackElo "1528"]
[PlyCount "43"]
[EventDate "2017.??.??"]

1. d4 d5 2. c4 c6 3. Nc3 Nf6 4. Nf3 dxc4 5. a4 e6 6. e3 c5 7. Bxc4 Nbd7 8. O-O
Be7 9. e4 O-O 10. e5 Ne8 11. a5 cxd4 12. Qxd4 Bc5 13. Qf4 Rb8 14. Ng5 g6 15.
Qh4 h5 16. Qg3 Qe7 17. Nge4 Ng7 18. Bg5 Nf5 19. Qf4 Qe8 20. Rad1 Bd4 21. Bf6
Nc5 {Diagram [#]} 22. Rxd4 $1 ({Or} 22. Nd6) 1-0

[Event "Mechanics' Summer TNM; G/2 d5"]
[Site "San Francisco"]
[Date "2017.06.06"]
[Round "3.10"]
[White "Tracy, Joseph J"]
[Black "Clemens, Kristian"]
[Result "1-0"]
[WhiteElo "2088"]
[BlackElo "1833"]
[PlyCount "103"]
[EventDate "2017.??.??"]

1. c4 c5 2. Nc3 Nc6 3. Nf3 Nf6 4. g3 g6 5. Bg2 Bg7 6. O-O O-O 7. d4 cxd4 8.
Nxd4 Qb6 9. Ndb5 d6 10. Be3 Qd8 11. h3 Be6 12. Nd5 Rc8 13. Qd2 Ne5 14. b3 Nxd5
15. cxd5 Bf5 16. Nd4 Qd7 17. g4 Bxg4 18. hxg4 Qxg4 19. Rac1 h5 20. f4 Nd7 21.
Rc4 Rxc4 22. bxc4 Nc5 23. Qc2 g5 24. Rf3 h4 25. Qf5 Qxf5 26. Nxf5 g4 27. Rf1 h3
28. Bh1 Kh7 29. Nxg7 Kxg7 30. Bd4+ Kg6 31. f5+ Kg5 32. f6 e5 33. Be3+ Kh4 34.
Rf5 b6 35. Rf1 Rg8 36. Bf2+ g3 37. Be1 Rg4 38. Rf5 Rxc4 39. Bf3 Rg4 40. Bxg4
Kxg4 41. Rf3 Ne4 42. Ra3 a6 43. Rxa6 Nxf6 44. Rxb6 Nxd5 45. Rb3 Nf4 46. Rxg3+
Kf5 47. Rf3 Ke4 48. Rxf4+ Kxf4 49. Kh2 Ke4 50. Kxh3 Kd4 51. Kg4 d5 52. Kf5 1-0

[Event "Mechanics' Summer TNM; G/2 d5"]
[Site "San Francisco"]
[Date "2017.07.11"]
[Round "7.9"]
[White "Tracy, Joseph J"]
[Black "Maser, Thomas F"]
[Result "1-0"]
[WhiteElo "2088"]
[BlackElo "1900"]
[Annotator "Donaldson"]
[PlyCount "120"]
[EventDate "2017.??.??"]

1. d4 Nf6 2. c4 e6 3. Nf3 c5 4. d5 exd5 5. cxd5 d6 6. Nc3 g6 7. e4 Bg7 8. Be2
O-O 9. O-O Bg4 10. Bf4 a6 11. a4 Bxf3 12. Bxf3 Qc7 13. Qd2 Re8 14. Rfe1 Nfd7
15. a5 Ne5 16. Be2 Nbd7 17. b3 b5 18. axb6 Qxb6 19. Reb1 Nf6 20. h3 Ned7 21.
Qc2 Ne5 22. Be3 Ned7 23. Ra4 a5 24. b4 axb4 25. Raxb4 Qxb4 26. Rxb4 cxb4 27.
Nb5 Nxe4 28. Qc7 Ra1+ 29. Kh2 Nec5 30. g3 Ra2 31. Bc4 Rxe3 32. Bxa2 Re2 33.
Qd8+ Bf8 34. Bc4 Rxf2+ 35. Kg1 Rc2 36. Nxd6 b3 $4 (36... Ne5 37. Qe8 f6 {wins.}
) 37. Qe8 $2 (37. Bxb3) 37... b2 38. Qxf7+ Kh8 39. Ba2 Rc1+ (39... Bxd6) 40.
Kg2 b1=Q $4 (40... Bxd6 {wins. Black had no time left.}) 41. Bxb1 Rxb1 $11 42.
Nc4 (42. Ne8 $1) 42... Re1 $1 43. h4 Re4 (43... Re7) 44. d6 Bh6 (44... Re6) 45.
Kh3 Re6 $1 46. g4 Rf6 47. Qd5 Bf4 48. g5 Rf5 49. Qa8+ Rf8 50. Qa1+ Kg8 51. Qd4
Bc1 52. Qd5+ Kh8 53. Ne5 Bb2 (53... Bf4 $11) 54. Nxd7 Nxd7 55. Qb7 Rf7 56.
Qxb2+ Kg8 57. Qd4 Rg7 58. Qd5+ Rf7 59. Qe6 Kg7 60. Qe8 Nf8 {The position is
drawn, but Black blundered and later lost. Remaining moves are not available.}
1-0

[Event "Mechanics' Spring TNM; G/2"]
[Site "San Francisco"]
[Date "2017.03.21"]
[Round "2.8"]
[White "Tracy, Joseph J"]
[Black "Mays, Jerry L"]
[Result "1-0"]
[WhiteElo "2142"]
[BlackElo "1804"]
[PlyCount "45"]
[EventDate "2017.??.??"]

1. c4 g6 2. Nf3 Bg7 3. d4 c5 4. d5 Nf6 5. Nc3 d6 6. e4 Bg4 7. Be2 Nbd7 8. O-O
O-O 9. Be3 Bxf3 10. Bxf3 Ne5 11. Be2 Qc8 12. h3 h5 13. Qd2 Kh7 14. a3 Ng8 15.
f4 Nd7 16. Bd3 a6 17. Qe2 Qc7 18. e5 f5 19. exf6 Ndxf6 20. f5 g5 21. Bxg5 Bh6
22. Qd2 Bxg5 23. Qxg5 1-0

[Event "Mechanics' Summer TNM; G/2 d5"]
[Site "San Francisco"]
[Date "2017.05.23"]
[Round "1.15"]
[White "Tracy, Joseph J"]
[Black "Mines, Joshua"]
[Result "1-0"]
[WhiteElo "2088"]
[BlackElo "1446"]
[PlyCount "49"]
[EventDate "2017.??.??"]

1. d4 d5 2. Nf3 e6 3. c4 c6 4. g3 Nf6 5. Bg2 Nbd7 6. O-O Be7 7. Nbd2 a6 8. b3
b5 9. Bb2 Bb7 10. Qc2 Rc8 11. e4 dxe4 12. Nxe4 c5 13. Nxf6+ Bxf6 14. Rad1 Qc7
15. d5 exd5 16. Rfe1+ Kf8 17. cxd5 Qd6 18. Nd2 Bxb2 19. Qxb2 Nf6 20. Ne4 Nxe4
21. Bxe4 Re8 22. Bf3 f6 {Diagram [#]} 23. Re6 $1 Qb8 24. Rde1 Kf7 25. Bh5+ 1-0

[Event "Mechanics' Spring TNM; G/2"]
[Site "San Francisco"]
[Date "2017.05.02"]
[Round "8.7"]
[White "Tracy, Joseph J"]
[Black "Murray, Adam"]
[Result "1/2-1/2"]
[WhiteElo "2142"]
[BlackElo "2044"]
[PlyCount "40"]
[EventDate "2017.??.??"]

1. Nf3 c5 2. g3 Nc6 3. Bg2 g6 4. O-O Bg7 5. c4 d6 6. Nc3 h5 7. h4 Nh6 8. e4 Bg4
9. Ne2 Qd7 10. d3 O-O-O 11. Rb1 f5 12. Be3 fxe4 13. dxe4 Rdf8 14. Ng5 Qe8 15.
f3 Bd7 16. a3 Nf7 17. b4 Nxg5 18. hxg5 b6 19. f4 Bg4 20. Bf3 Bxf3 1/2-1/2

[Event "Mechanics' Winter TNM; G/2"]
[Site "San Francisco"]
[Date "2017.02.07"]
[Round "6.14"]
[White "Tracy, Joseph J"]
[Black "Newey, Richard"]
[Result "1-0"]
[WhiteElo "2163"]
[BlackElo "1721"]
[PlyCount "63"]
[EventDate "2017.??.??"]

1. c4 c5 2. Nc3 e5 3. Nf3 Nc6 4. g3 Nf6 5. Bg2 Be7 6. O-O d6 7. d3 O-O 8. a3
Bg4 9. Ne1 Qd7 10. Bg5 Bh3 11. Rb1 Bxg2 12. Nxg2 Qg4 13. Bxf6 Bxf6 14. Ne3 Qh3
15. Ned5 Bg5 16. Ne4 f6 17. Nxd6 b6 18. b4 cxb4 19. axb4 Rad8 20. Ne4 Nd4 21.
e3 Nf5 22. Qf3 Nh4 23. Qh1 Qg4 24. f3 Qh5 25. gxh4 Bxh4 26. Qg2 f5 27. Ng3 Qg5
28. f4 exf4 29. Rxf4 Bxg3 30. Qxg3 Qh5 31. Qf3 Qf7 32. Rxf5 1-0

[Event "Mechanics' Winter TNM; G/2"]
[Site "San Francisco"]
[Date "2017.01.24"]
[Round "4.11"]
[White "Tracy, Joseph J"]
[Black "Royzen, Igor"]
[Result "1-0"]
[WhiteElo "2163"]
[BlackElo "1830"]
[Annotator "Donaldson"]
[PlyCount "31"]
[EventDate "2017.??.??"]

1. d4 d5 2. c4 c6 3. Nc3 Nf6 4. Nf3 a6 5. g3 b5 6. b3 Bf5 7. Bg2 e6 8. O-O Be7
9. Ne5 O-O 10. Bg5 Ne4 11. Bxe7 Qxe7 12. Nxe4 Bxe4 13. f3 Bg6 14. Rc1 f6 15.
Nxg6 hxg6 16. Qc2 {
White has a significant advantage but resignation is premature.} 1-0

[Event "Mechanics' Spring TNM; G/2"]
[Site "San Francisco"]
[Date "2017.04.04"]
[Round "4.1"]
[White "Tracy, Joseph J"]
[Black "Winslow, Elliott C"]
[Result "1/2-1/2"]
[WhiteElo "2142"]
[BlackElo "2310"]
[Annotator "Winslow,E"]
[PlyCount "71"]
[EventDate "2017.??.??"]

1. d4 (1. c4 e5 2. Nc3 Nc6 3. Nf3 g6 4. e3 Bg7 5. d4 d6 6. Be2 Nge7 7. d5 Nb8
8. e4 O-O 9. O-O Nd7 10. Ne1 f5 11. f3 f4 12. Nd3 g5 13. Bd2 Ng6 14. b4 Rf7 15.
c5 Bf8 16. cxd6 cxd6 17. a4 Nf6 18. Nf2 h5 19. h3 Rg7 20. Rc1 Nh8 21. Qc2 g4
22. hxg4 hxg4 23. fxg4 Nxg4 24. Bxg4 Bxg4 25. Nxg4 Rxg4 26. Nb5 Rg7 27. Be1 a6
28. Na3 Qg5 29. Nc4 Rc8 {0-1 (29) Van Baarle,J-Joksic,S (2360) Venice 1980})
1... Nf6 2. Nf3 g6 3. c4 Bg7 4. Nc3 O-O 5. e4 d6 6. Be2 e5 7. O-O Nc6 8. d5 Ne7
9. Ne1 Nd7 10. Nd3 f5 11. f3 f4 12. Bd2 g5 13. Nf2 $6 {Kind of early...} (13.
Rc1) (13. g4 $5) (13. b4) 13... Ng6 {
Actually a new position -- but that can't stand...} 14. b4 Rf7 (14... Nf6) 15.
c5 Nf6 (15... dxc5 {
Winning a pawn or two, losing the exchange, I wasn't seeing clearly.}) 16. cxd6
{Sometimes White waits on this.} (16. a4 Bf8) 16... cxd6 17. a4 {I think he's
mixed systems. With his bishop on f2, White might play a2-a4-a5, then when Nb5
happens ...a6 can be met by Bb6 and Nc7. Here? I don't get it.} (17. Qc2 h5 18.
h3 Bf8 19. Rfc1 Rg7 20. Nb5 g4 21. fxg4 hxg4 22. hxg4 Nh4 23. Nc7 Bxg4 24. Nxg4
Nxg4 25. Nxa8 Qg5 26. Bxg4 Qxg4 27. Be1 Nxg2 28. Qc8 Qf3 29. Qe6+ Kh7 30. Rc7
Ne3+ 31. Rxg7+ Bxg7 32. Qf5+ Nxf5 33. exf5 e4 34. Rd1 Bd4+ {
0-1 (34) Juraczka,F (2245) -Pirisi,G (2350) Balatonbereny 1988}) (17. Rc1 h5
18. a4 Bf8 19. Be1 Rg7 20. h3 Nh4 21. Rc2 Ng6 22. b5 Nh8 23. Na2 Nf7 24. Rc3
Nh6 25. Nb4 g4 26. hxg4 hxg4 27. fxg4 Nhxg4 28. Nxg4 Nxg4 29. Nc2 Be7 30. Bf3
Qb6+ 31. Bf2 Nxf2 32. Rxf2 Bh4 {
0-1 (32) Gamisch,L (1763)-Faldum,M (1865) Oberhof 2013}) 17... Bf8 18. a5 {
At least if he'd left the c-pawns on the board he could have 18.c6 here -- but
then I could take on c5 first again.} h5 19. h3 (19. Rc1 Rg7 20. Nb5 a6 21. Na3
Nh8 22. Nc4 Nd7 23. Rc3 b5 24. axb6 Nxb6 25. Nxb6 Qxb6 26. Rc6 Qd8 27. h3 Nf7
28. Qc2 Nh6 29. Rc1 Bd7 30. Rc7 Be7 31. Be1 Qe8 32. Ra1 Bd8 33. Rb7 Kh8 34.
Rxa6 Rxa6 35. Bxa6 g4 36. fxg4 hxg4 37. hxg4 Nxg4 38. Nxg4 Rxg4 39. Rxd7 Qxd7
40. Bc8 Qa7+ 41. Qf2 Bb6 42. Bxg4 Bxf2+ 43. Bxf2 Qa1+ 44. Kh2 Qb2 45. Bh4 Qxb4
46. Bf3 Kg7 47. Kg1 Qb8 48. Bf2 Kg6 49. Bh4 Qb1+ 50. Kh2 Qc1 51. Bg4 Qc4 52.
Bf3 Qc8 53. Be2 Qh8 54. Kh3 Kf7 55. Bg4 Ke8 56. Be6 Qh7 57. Bf5 Qa7 58. Bg4 Qg1
59. Bf3 Kf7 60. Bh5+ Kg7 61. Bf3 Qh1+ 62. Kg4 Kg6 63. g3 Qh2 64. Bd1 fxg3 65.
Bxg3 Qh5# {0-1 (65) Yudkevich,M (2099)-Ignatyev,V (2254) St Petersburg 2012})
19... Rg7 20. Nb5 Nh4 (20... Nh8 $5 {by comparison with some other games}) 21.
Rc1 a6 (21... g4 22. fxg4 hxg4 23. hxg4 a6 24. Na3 Nh5 25. Rc3 Ng3 26. Rxg3
fxg3 27. Nh1 Be7 28. Nxg3 Bg5 29. Nf5 Nxf5 30. gxf5 Bd7 31. Nc4 Bb5 32. Nb6 Rb8
33. Bxb5 axb5 34. f6 Bxf6 35. Bh6 Rh7 36. Qg4+ Kh8 37. Qg6 Bg7 38. Bg5 Qe8 39.
Rf7 Kg8 40. Nd7 Qxf7 41. Nf6+ Kf8 42. Nxh7+ Kg8 43. Nf6+ Kf8 44. Nh7+ Kg8 $11
45. Qxd6 Re8 46. Nf6+ Bxf6 47. Bxf6 Qh7 48. Bxe5 $2 Qxe4 $17 {
0-1 (120) Jedynak,R (2540)-Szelag,M (2469) Ustron 2007}) 22. Nc3 {Seriously?} (
22. Na3 g4 23. fxg4 Qe8 24. Nc2 Qg6 25. Ne1 hxg4 26. Bxg4 Bxg4 27. Nxg4 Nxe4
28. Nf3 Nf5 29. Rc4 Neg3 30. Re1 Re7 31. Bc3 Rae8 32. Nd2 Bg7 33. Qa1 Qf7 34.
Rce4 Qxd5 35. Kh2 Qf7 36. Qd1 Nh6 37. Nxh6+ Bxh6 38. Qg4+ Bg7 39. Rc4 Qf5 40.
Qd1 Qg6 41. Nf3 Nf5 42. Qd5+ Qf7 43. Qxf7+ Kxf7 44. Bd2 Bf6 45. Ng1 Rg8 46.
Rec1 Nh4 47. Rc7 Rxg2+ {
0-1 (47) Frederiksen,H (1935)-Olsen,N (2125) Naestved 1988}) 22... g4 23. fxg4
hxg4 24. Nxg4 Nxg4 25. hxg4 Nxg2 $4 (25... b5) (25... Qg5) 26. Kxg2 b5 (26...
Bxg4 27. Bxg4 Qh4 28. Rg1) 27. Rh1 Raa7 28. Rh5 Rg6 29. Qh1 Qf6 30. Qh4 Qg7 31.
Kf2 Be7 32. Qh3 Bf6 33. Rg1 (33. Nxb5 {Ow.}) 33... Rf7 34. Bf3 Rf8 35. Ke2 Qc7
36. Rh1 {and after a few seconds he offered a draw} 1/2-1/2

[Event "Mechanics' Spring TNM; G/2"]
[Site "San Francisco"]
[Date "2017.04.25"]
[Round "7.5"]
[White "Tracy, Joseph J"]
[Black "Wong, Russell"]
[Result "0-1"]
[WhiteElo "2142"]
[BlackElo "2201"]
[Annotator "Donaldson"]
[PlyCount "46"]
[EventDate "2017.??.??"]

1. Nf3 c5 2. g3 Nc6 3. Bg2 d5 4. O-O Bf5 5. d4 e6 6. c4 dxc4 7. Qa4 Qd7 8. dxc5
Ne5 9. Nc3 Qxa4 10. Nxa4 Nc6 11. Be3 Nf6 12. Nd4 Nxd4 13. Bxd4 O-O-O 14. Bxf6
gxf6 15. Rac1 Rd2 16. e4 Bg4 17. f3 Bh5 18. Rf2 Rd4 19. Rfc2 Bh6 20. f4 Rhd8
21. Rxc4 Rd1+ {Diagram [#]} 22. Bf1 $2 (22. Rxd1 Rxd1+ 23. Kf2 $11) 22... Be2
23. R4c2 Bxf1 0-1

[Event "Mechanics' Peter Grey TNM; G/2 d5"]
[Site "San Francisco"]
[Date "2017.08.15"]
[Round "2.27"]
[White "Traub, Igor"]
[Black "Holderness, Benjamin"]
[Result "1-0"]
[WhiteElo "2163"]
[BlackElo "1338"]
[PlyCount "49"]
[EventDate "2017.??.??"]

1. d4 Nf6 2. c4 c5 3. Nf3 cxd4 4. Nxd4 d6 5. Nc3 Nc6 6. e4 g6 7. Be2 Bg7 8. Be3
O-O 9. O-O Bd7 10. Rc1 a6 11. a3 Qc7 12. b4 Nxd4 13. Bxd4 e5 14. Be3 Be6 15.
Nd5 Bxd5 16. exd5 a5 17. c5 Nd7 18. c6 bxc6 19. dxc6 Nf6 20. b5 Rac8 21. b6 Qb8
22. c7 Qb7 23. Qxd6 Ne4 24. Qc6 Qxc6 25. Rxc6 1-0

[Event "Mechanics' Fall TNM; G/2 d5"]
[Site "San Francisco"]
[Date "2017.12.12"]
[Round "8.3"]
[White "Traub, Igor"]
[Black "Ivanov, Aleksandr"]
[Result "0-1"]
[WhiteElo "2162"]
[BlackElo "2143"]
[Annotator "Donaldson"]
[PlyCount "56"]
[EventDate "2017.??.??"]

1. e4 e6 2. d4 d5 3. Nc3 Bb4 4. e5 Ne7 5. a3 Bxc3+ 6. bxc3 b6 7. Qg4 Ng6 8. h4
h5 9. Qg3 Ba6 10. Bxa6 Nxa6 11. Nf3 Qd7 12. Ng5 Nb8 13. O-O Nc6 14. Nh3 Nce7
15. Qg5 O-O-O 16. g3 Qa4 17. Qd2 f6 18. Qe2 Qc6 19. exf6 gxf6 20. Re1 e5 21.
dxe5 Nxe5 22. f4 $4 Qxc3 23. Be3 Rhg8 (23... Ng4 $1 24. Rad1 Nf5 $19) 24. Kg2
$2 (24. fxe5 Rxg3+ 25. Kh2 Qxe5 26. Bd4 Rxh3+ 27. Kxh3 Qf5+ 28. Kh2 Qf4+ 29.
Kh3 Qxd4 30. Qxe7 $2 (30. Rad1 $15) 30... Qg4+ 31. Kh2 Qxh4+ 32. Kg2 Rg8+)
24... Nf5 25. Ng5 fxg5 26. fxe5 gxh4 27. Qd3 Nxe3+ 28. Rxe3 Qxa1 0-1

[Event "Mechanics' Peter Grey TNM; G/2 d5"]
[Site "San Francisco"]
[Date "2017.09.12"]
[Round "6.3"]
[White "Traub, Igor"]
[Black "Jones, James E"]
[Result "1-0"]
[WhiteElo "2163"]
[BlackElo "2000"]
[Annotator "Donaldson"]
[PlyCount "69"]
[EventDate "2017.??.??"]

1. e4 c5 2. d3 g6 3. Nf3 Bg7 4. g3 Nf6 5. Bg2 Nc6 6. O-O O-O 7. c3 d6 8. h3 Bd7
9. a4 Rb8 10. Be3 a6 11. Nbd2 b5 12. axb5 axb5 13. d4 c4 $6 14. d5 $1 Ne5 15.
Ne1 $6 (15. Nxe5 dxe5 16. Ra7 $16) 15... Qc8 16. f4 Nd3 17. Nxd3 cxd3 18. Kh2
Bg4 (18... b4) 19. Nf3 Qc4 20. Bd4 Bxf3 21. Bxf3 b4 22. b3 Qc7 23. Ra7 Rb7 24.
Rxb7 Qxb7 25. e5 $16 Nd7 26. exd6 exd6 27. Bxg7 Kxg7 28. Qxd3 bxc3 29. Qxc3+
Kg8 (29... Nf6 30. g4) 30. Qc6 $1 Qa7 31. Qxd6 Rc8 32. g4 Rc3 33. b4 Nb6 34.
Re1 Nc4 35. Re8+ 1-0

[Event "Mechanics' Peter Grey TNM; G/2 d5"]
[Site "San Francisco"]
[Date "2017.08.29"]
[Round "4.9"]
[White "Traub, Igor"]
[Black "McKellar, Daniel"]
[Result "1-0"]
[WhiteElo "2163"]
[BlackElo "1820"]
[PlyCount "73"]
[EventDate "2017.??.??"]

1. Nf3 d5 2. g3 g6 3. Bg2 Bg7 4. d3 Nf6 5. Nbd2 c5 6. e4 Nc6 7. O-O O-O 8. Re1
e5 9. h3 Re8 10. exd5 Nxd5 11. Ne4 b6 12. Bg5 f6 13. Bd2 Be6 14. a4 Rb8 15. a5
Qd7 16. Kh2 h6 17. axb6 axb6 18. Nc3 Nd4 19. Nxd4 Nxc3 20. bxc3 exd4 21. c4 g5
22. Ra6 Bf5 23. Bd5+ Kh7 24. Rxe8 Qxe8 25. Qf3 Qc8 26. Ra7 Kh8 27. Qh5 Qe8 28.
Bf7 Qf8 29. h4 Ra8 30. Rxa8 Qxa8 31. hxg5 fxg5 32. Bxg5 Qc6 33. Bd5 Bg6 34. Qh4
Qe8 35. Bxh6 Bh7 36. Bf4 Bf8 37. Be4 1-0

[Event "Mechanics' Fall TNM; G/2 d5"]
[Site "San Francisco"]
[Date "2017.11.14"]
[Round "4.6"]
[White "Traub, Igor"]
[Black "Porlares, Teodoro"]
[Result "1-0"]
[WhiteElo "2162"]
[BlackElo "1854"]
[PlyCount "51"]
[EventDate "2017.??.??"]

1. e4 c6 2. d3 d5 3. Nd2 Nd7 4. Ngf3 e5 5. Qe2 Qc7 6. g3 Ngf6 7. Bg2 Be7 8. O-O
O-O 9. Nh4 dxe4 10. dxe4 Nb6 11. a4 a5 12. Nf5 Be6 13. b3 Bb4 14. Bb2 g6 15.
Ne3 Rfd8 16. Rad1 Nbd7 17. f4 exf4 18. gxf4 Bc5 19. Kh1 Bxe3 20. Qxe3 Ng4 21.
Qc3 Ngf6 22. Nc4 Bxc4 {Diagram [#]} 23. Rxd7 Qxd7 24. Qxf6 Kf8 25. Qh8+ Ke7 26.
Ba3+ 1-0

[Event "Mechanics' Peter Grey TNM; G/2 d5"]
[Site "San Francisco"]
[Date "2017.09.26"]
[Round "8.2"]
[White "Traub, Igor"]
[Black "Stearman, Josiah P"]
[Result "0-1"]
[WhiteElo "2163"]
[BlackElo "2305"]
[Annotator "Donaldson"]
[PlyCount "96"]
[EventDate "2017.??.??"]

1. d4 d5 2. c4 c6 3. Nf3 Nf6 4. Nc3 dxc4 5. a4 Bf5 6. Nh4 Bg4 7. h3 Bh5 8. g4
Bg6 9. Nxg6 hxg6 10. e4 e5 11. Be3 Bb4 12. Bxc4 Qe7 13. f3 Nbd7 14. Qb3 exd4
15. Bxd4 Nxe4 16. O-O-O Nxc3 17. bxc3 Ba3+ 18. Kb1 O-O-O 19. Bxg7 Rhe8 20. Bxf7
Nc5 21. Qxa3 (21. Qa2 $1 $16) 21... Qxf7 22. Bd4 $6 (22. Qxc5 Qxg7 $11) 22...
Nb3 23. Qa2 $6 Qc4 24. Rh2 Re3 25. Rc2 c5 26. Kb2 Re6 27. a5 Nxa5 28. Qxa5 Rb6+
29. Kc1 Ra6 30. Qxd8+ Kxd8 31. Bxc5+ Kc7 32. Bd4 Ra1+ 33. Kd2 Rxd1+ 34. Kxd1
Qf1+ 35. Kd2 Qxf3 36. g5 Qg2+ 37. Kd3 Qxg5 38. Kc4 Kc6 39. Kb3 Qg3 40. Rf2 Qd3
41. h4 Qb1+ 42. Ka3 Kd5 43. Rb2 Qa1+ 44. Kb3 a6 45. Rg2 Qb1+ 46. Rb2 Qd1+ 47.
Ka3 b5 48. Kb4 Qa4# 0-1

[Event "Mechanics' Peter Grey TNM; G/2 d5"]
[Site "San Francisco"]
[Date "2017.10.03"]
[Round "9.5"]
[White "Traub, Igor"]
[Black "Vickers, Keith"]
[Result "1-0"]
[WhiteElo "2163"]
[BlackElo "2200"]
[PlyCount "43"]
[EventDate "2017.??.??"]

1. Nf3 Nc6 2. d4 d5 3. c4 Bg4 4. cxd5 Bxf3 5. gxf3 Qxd5 6. e3 e5 7. Nc3 Bb4 8.
Bd2 Bxc3 9. bxc3 exd4 10. cxd4 Nge7 11. Rg1 O-O 12. Bd3 Qh5 13. Rb1 Rad8 14.
Rb5 Rd5 15. Rxb7 Ne5 16. Be4 Rd7 17. dxe5 Rfd8 18. Qc2 Qxh2 19. Kf1 Ng6 20. Be1
Nxe5 21. f4 f5 22. Rh1 1-0